| 000 | 01119nam a22002657a 4500 | ||
|---|---|---|---|
| 005 | 20170124102959.0 | ||
| 010 | _aA-770006 | ||
| 020 | _c70.00 | ||
| 035 | _aA-770006 | ||
| 037 | _bCen Lib/Ret | ||
| 040 |
_aDPL _bHN |
||
| 082 |
_a821 _bशांतिस्व |
||
| 100 |
_aशांति स्वरुप 'कुसुम' _96739 |
||
| 245 |
_aस्म्रति-गंधा : _cशांति स्वरुप 'कुसुम' _bकाव्य संग्रह / |
||
| 246 |
_aSmrti -gandhaa :kavya sangrah _bby Shanti Swarup |
||
| 260 |
_a दिल्ली _b कवि सभा दिल्ली _c1995 |
||
| 270 |
_a30/106, गली न.7, विश्वाश नगर शाहदरा _b दिल्ली _e110032 |
||
| 300 |
_a88पृष्ठ. _c20सेमी(सजिल्द) |
||
| 650 |
_aहिंदी साहित्य _954201 |
||
| 650 |
_aहिंदी काव्य _954202 |
||
| 650 |
_aHindi Literature _954203 |
||
| 650 |
_ahindi poetry _954204 |
||
| 700 | _953319 | ||
| 942 |
_2ddc _cHN _h821 _mशांतिस्व |
||
| 999 |
_c113866 _d113866 |
||